| 000 | 00789nab a2200241 u 4500 | ||
|---|---|---|---|
| 001 | 12079 | ||
| 003 | HDC | ||
| 007 | cr bn ---aaaaa | ||
| 008 | 210208c20120920my dr|nes 0 a may d | ||
| 040 | _aHDC | ||
| 245 | 0 | _aMATRADE sasar CAEXPO catat jualan RM100j | |
| 260 |
_aKuala Lumpur : _bThe New Straits Times Press (M) Bhd., _c2012 |
||
| 336 |
_atext _2rdacontent |
||
| 337 |
_acomputer _2rdamedia |
||
| 338 |
_aonline resource _2rdacarrier |
||
| 650 |
_aChina-Asean Expo _912464 |
||
| 650 |
_aEconomic growth _94226 |
||
| 710 | _aBerita Harian | ||
| 856 | _zRequest full-text at [email protected] | ||
| 942 | _2lcc | ||
| 942 | _cNEWS | ||
| 942 | _kNWSC 000186 | ||
| 999 |
_c9402 _d9402 |
||